Reading and writing in kindergarten / (Record no. 105584)
[ view plain ]
| 000 -LEADER | |
|---|---|
| fixed length control field | 00677nam a2200193 a 4500 |
| 005 - DATE AND TIME OF LATEST TRANSACTION | |
| control field | 20140412111407.0 |
| 008 - FIXED-LENGTH DATA ELEMENTS--GENERAL INFORMATION | |
| fixed length control field | 061206s19uu xx 00 eng d |
| 020 ## - INTERNATIONAL STANDARD BOOK NUMBER | |
| International Standard Book Number | 0-439-22244-3 |
| 050 ## - LIBRARY OF CONGRESS CALL NUMBER | |
| Classification number | TR(GS 372.4 |
| Item number | Fra837 2002 |
| 100 ## - MAIN ENTRY--PERSONAL NAME | |
| Personal name | Franzese, Rosalie |
| 245 ## - TITLE STATEMENT | |
| Title | Reading and writing in kindergarten / |
| Statement of responsibility, etc | Rosalie Franzese. |
| 260 ## - PUBLICATION, DISTRIBUTION, ETC. (IMPRINT) | |
| Place of publication, distribution, etc | U.S.A : |
| Name of publisher, distributor, etc | Scholastic, |
| Date of publication, distribution, etc | 2002. |
| 300 ## - PHYSICAL DESCRIPTION | |
| Extent | 160p. |
| 500 ## - GENERAL NOTE | |
| General note | A practical guide |
| 520 ## - SUMMARY, ETC. | |
| Summary, etc | Lessons and strategies that help young learners develop literacy skills through shared reading, guided reading, Interactive writing,Read alouds, and more |
| 650 ## - SUBJECT ADDED ENTRY--TOPICAL TERM | |
| Topical term or geographic name as entry element | Interactive writing |
| 650 ## - SUBJECT ADDED ENTRY--TOPICAL TERM | |
| Topical term or geographic name as entry element | Shared reading |
| Withdrawn status | Lost status | Damaged status | Home library | Current library | Shelving location | Date acquired | Source of acquisition | Total Checkouts | Full call number | Barcode | Date last seen | Price effective from | Koha item type |
|---|---|---|---|---|---|---|---|---|---|---|---|---|---|
| Elizalde Library | Elizalde Library | Teachers Reference Section | 12/06/2006 | TR(GS 372.4 Fra837 2002 | E10389 | 04/12/2014 | 04/12/2014 | Books |